<?xml version="1.0" encoding="UTF-8"?>
<record
    xmlns:xsi="http://www.w3.org/2001/XMLSchema-instance"
    xsi:schemaLocation="http://www.loc.gov/MARC21/slim http://www.loc.gov/standards/marcxml/schema/MARC21slim.xsd"
    xmlns="http://www.loc.gov/MARC21/slim">

  <leader>02251nam a2200301 i 4500</leader>
  <controlfield tag="005">20260126122741.0</controlfield>
  <controlfield tag="008">260126t20242024si ao  gr     000 0beng d</controlfield>
  <datafield tag="020" ind1=" " ind2=" ">
    <subfield code="a">9789811731686</subfield>
    <subfield code="c">RM103.20</subfield>
    <subfield code="q">paperback </subfield>
  </datafield>
  <datafield tag="040" ind1=" " ind2=" ">
    <subfield code="a">PPAK </subfield>
    <subfield code="b">eng</subfield>
    <subfield code="c">PPAK </subfield>
    <subfield code="e">rda</subfield>
  </datafield>
  <datafield tag="082" ind1="0" ind2="4">
    <subfield code="2">23</subfield>
    <subfield code="a">658.406 </subfield>
  </datafield>
  <datafield tag="090" ind1="0" ind2="0">
    <subfield code="a">658.406 </subfield>
    <subfield code="b">TAN </subfield>
    <subfield code="d">G</subfield>
  </datafield>
  <datafield tag="100" ind1="1" ind2=" ">
    <subfield code="a">Tan, Weixi,</subfield>
    <subfield code="e">author. </subfield>
  </datafield>
  <datafield tag="245" ind1="1" ind2="0">
    <subfield code="a">HYBRID WORK REVOLUTION : </subfield>
    <subfield code="b">What Teams are Facing and Leaders are Missing / </subfield>
    <subfield code="c">TAN WEIXI ; Editor: Patricia Ng </subfield>
  </datafield>
  <datafield tag="264" ind1=" " ind2="1">
    <subfield code="a">Singapore : </subfield>
    <subfield code="b">Candid Creation Publishing LLP, </subfield>
    <subfield code="c">2024</subfield>
  </datafield>
  <datafield tag="264" ind1=" " ind2="4">
    <subfield code="c">&#xA9;2024 </subfield>
  </datafield>
  <datafield tag="300" ind1=" " ind2=" ">
    <subfield code="a">xvii, 154 pages : </subfield>
    <subfield code="b">illustrations, photographs ; </subfield>
    <subfield code="c">22 cm </subfield>
  </datafield>
  <datafield tag="336" ind1=" " ind2=" ">
    <subfield code="a">text</subfield>
    <subfield code="2">rdacontent</subfield>
  </datafield>
  <datafield tag="337" ind1=" " ind2=" ">
    <subfield code="a">unmediated</subfield>
    <subfield code="2">rdamedia</subfield>
  </datafield>
  <datafield tag="338" ind1=" " ind2=" ">
    <subfield code="a">volume</subfield>
    <subfield code="2">rdacarrier</subfield>
  </datafield>
  <datafield tag="520" ind1=" " ind2=" ">
    <subfield code="a">In the wake of the global shift toward hybrid work arrangements, businesses and organisations are facing unprecedented challenges. Hybrid Work Revolution offers a comprehensive exploration of the changing landscape of work in the 21st century, focusing on the experiences of teams and the critical insights leaders may be overlooking. The book is organised into three easily-digestible big bites. The first delves into the challenges of communicating with team members who are spread out across multiple locations, or worse still, in different time zones and countries. This section offers a perspective on how we can reimagine the workplace, leverage technology effectively, and enhance collaboration among our team members. The second investigates the paradox for leaders to invest time to build close relationships, while giving team members enough personal space. The chapters here deliberate how leaders can establish trust, build psychological safety, and explore the factors that accelerates relationships in a hybrid work environment. The last section takes a fresh look at the tracking of performance in a hybrid workplace, and explores some paradigms that will encourage a learning culture and drive employee engagement.</subfield>
  </datafield>
  <datafield tag="650" ind1="1" ind2="0">
    <subfield code="a">Organizational change</subfield>
  </datafield>
  <datafield tag="650" ind1="2" ind2="0">
    <subfield code="a">Work environment</subfield>
  </datafield>
  <datafield tag="650" ind1="2" ind2="0">
    <subfield code="a">Virtual work teams </subfield>
    <subfield code="x">Management</subfield>
  </datafield>
  <datafield tag="650" ind1="2" ind2="0">
    <subfield code="a">Leadership</subfield>
  </datafield>
  <datafield tag="650" ind1="2" ind2="0">
    <subfield code="a">Flexible work arrangements</subfield>
  </datafield>
  <datafield tag="700" ind1="1" ind2=" ">
    <subfield code="a">Ng, Patricia,  </subfield>
    <subfield code="e">editor. </subfield>
  </datafield>
  <datafield tag="942" ind1=" " ind2=" ">
    <subfield code="2">ddc</subfield>
    <subfield code="c">B</subfield>
  </datafield>
  <datafield tag="999" ind1=" " ind2=" ">
    <subfield code="c">202865</subfield>
    <subfield code="d">202865</subfield>
  </datafield>
  <datafield tag="952" ind1=" " ind2=" ">
    <subfield code="0">0</subfield>
    <subfield code="7">0</subfield>
    <subfield code="b">PPAK</subfield>
    <subfield code="c">G</subfield>
    <subfield code="d">2026-03-10</subfield>
    <subfield code="l">0</subfield>
    <subfield code="o">658.406  TAN </subfield>
    <subfield code="p">A01908345</subfield>
    <subfield code="r">2026-03-10 09:34:31</subfield>
    <subfield code="y">B</subfield>
  </datafield>
  <datafield tag="952" ind1=" " ind2=" ">
    <subfield code="0">0</subfield>
    <subfield code="7">0</subfield>
    <subfield code="b">SP</subfield>
    <subfield code="c">G</subfield>
    <subfield code="d">2026-03-10</subfield>
    <subfield code="l">0</subfield>
    <subfield code="o">658.406  TAN </subfield>
    <subfield code="p">A01908346</subfield>
    <subfield code="r">2026-03-10 09:34:31</subfield>
    <subfield code="y">B</subfield>
  </datafield>
</record>
